000 00393nam a2200157Ia 4500
003 OSt
005 20240220152354.0
008 170524s9999 xx 000 0 und d
020 _a 9788187972099
040 _cIIMT UNIVERSITY
100 _aGaonkar Kamesh
245 0 _aMicroprocessor Architecture Programe & Application
260 _bPeram International
260 _c2007
942 _2ddc
_c02
999 _c5037
_d5037